000 00444nam a2200169Ia 4500
008 230524s9999 xx 000 0 und d
020 _a9812406190
082 _a621.395
_bMEA
100 _aDon Meador
_92175
245 0 _aAnalog Signal Processing with Lappce Transforms & Active Filter Design
250 _a2ND
260 _aNEW DELHI
_bVikas
_c2002
300 _a514
500 _aQuantity Number: 1
650 _aElectronics
942 _cBK
999 _c4123
_d4123